Normal view
MARC view
- Allsop, D.F Toomey, M.A
Entry Personal Name
001 - CONTROL NUMBER
- control field: 61806
003 - CONTROL NUMBER IDENTIFIER
- control field: NUST
005 - DATE AND TIME OF LATEST TRANSACTION
- control field: 20210628202824.0
008 - FIXED-LENGTH DATA ELEMENTS
- fixed length control field: 210628|| aca||aabn | a|a d
040 ## - CATALOGING SOURCE
- Original cataloging agency: NUST
- Transcribing agency: NUST
100 ## - HEADING--PERSONAL NAME
- Personal name: Allsop, D.F Toomey, M.A
670 ## - SOURCE DATA FOUND
- Source citation: Work cat.: (NUST): Allsop, D.F Toomey, M.A, Small arms:general design,brassey's land warfare into the 21st century, 1999
